Diagnóstico por imagen (Record no. 58795)

MARC details
000 -LEADER
fixed length control field 01128nam a22002657a 4500
005 - DATE AND TIME OF LATEST TRANSACTION
control field 20250620084824.0
008 - FIXED-LENGTH DATA ELEMENTS--GENERAL INFORMATION
fixed length control field 241122b sp |||||||| |||| 00| 0 spa d
020 ## - INTERNATIONAL STANDARD BOOK NUMBER
International Standard Book Number 8481741973
050 04 - LIBRARY OF CONGRESS CALL NUMBER
Classification number SF757.8
Item number H36 1997
100 1# - MAIN ENTRY--PERSONAL NAME
Personal name Han, Connie M.
240 10 - UNIFORM TITLE
Uniform title Practical guide to diagnostic imaging: radiography and ultrasonography.
Language of a work Español
245 10 - TITLE STATEMENT
Title Diagnóstico por imagen
Remainder of title : guía práctica de radiografía y ecografía
Statement of responsibility, etc / Connie M. Han, Cheryl D. Hurd, Lisa Kurklis ; ilustraciones Les Sealing ; traducción y producción Diorki Servicios Integrales de Edición ; revisión Natalia Díez Bru.
250 ## - EDITION STATEMENT
Edition statement 1a ed.
260 ## - PUBLICATION, DISTRIBUTION, ETC. (IMPRINT)
Place of publication, distribution, etc Madrid :
Name of publisher, distributor, etc Harcourt Brace de España,
Date of publication, distribution, etc 1997.
300 ## - PHYSICAL DESCRIPTION
Extent v, 267 p. :
Other physical details il. ;
Dimensions 22 cm.
504 ## - BIBLIOGRAPHY, ETC. NOTE
Bibliography, etc Incluye bibliografía, glosario e índice
650 #7 - SUBJECT ADDED ENTRY--TOPICAL TERM
Source of heading or term lemb
Topical term or geographic name as entry element Radiología veterinaria
650 #7 - SUBJECT ADDED ENTRY--TOPICAL TERM
Source of heading or term lemb
Topical term or geographic name as entry element Ultrasonido en veterinaria
700 1# - ADDED ENTRY--PERSONAL NAME
Personal name Hurd, Cheryl D.,
Relator term autor
700 1# - ADDED ENTRY--PERSONAL NAME
Personal name Kurklis, Lisa,
Relator term autor
700 1# - ADDED ENTRY--PERSONAL NAME
Personal name Sealing, Les,
Relator term ilustrador
700 1# - ADDED ENTRY--PERSONAL NAME
Personal name Díez Bru, Natalia,
Relator term revisor
710 2# - ADDED ENTRY--CORPORATE NAME
Corporate name or jurisdiction name as entry element Diorki Servicios Integrales de Edición
Relator term traductor
942 ## - ADDED ENTRY ELEMENTS (KOHA)
Source of classification or shelving scheme Biblioteca del Cogreso de los Estados Unidos
Koha item type Libro
Holdings
Estado de pérdida Fuente de clasificación Estado del daño No para préstamo Ubicación permanente Ubicación actual Apartado o colección Fecha de adquisición Fuente de adquisición Edición Área del conocimiento Total Checkouts Clasificación Código de Barras Date last seen Número de copia Costo por reposición Tipo de recurso
  Biblioteca del Cogreso de los Estados Unidos     Biblioteca de la Facultad de Medicina Veterinaria y Zootecnia Biblioteca de la Facultad de Medicina Veterinaria y Zootecnia General 05/06/2025 Donación 1a ed. Ciencias Agropecuarias   SF757.8 H36 1997 MVZ000005990 05/06/2025 1 1.00 Libro